The Routledge handbook of tourism research / (Record no. 152743)
[ view plain ]
| 000 -LEADER | |
|---|---|
| fixed length control field | 00848nam a2200241 a 4500 |
| 001 - CONTROL NUMBER | |
| control field | vtls003248631 |
| 003 - CONTROL NUMBER IDENTIFIER | |
| control field | MY-SjTCS |
| 005 - DATE AND TIME OF LATEST TRANSACTION | |
| control field | 20200226115726.0 |
| 008 - FIXED-LENGTH DATA ELEMENTS--GENERAL INFORMATION | |
| fixed length control field | 121212s2012 enka b 001 0 eng |
| 020 ## - INTERNATIONAL STANDARD BOOK NUMBER | |
| International Standard Book Number | 9780789037046 (hbk.) |
| 020 ## - INTERNATIONAL STANDARD BOOK NUMBER | |
| International Standard Book Number | 0789037041 (hbk.) |
| 039 #9 - LEVEL OF BIBLIOGRAPHIC CONTROL AND CODING DETAIL [OBSOLETE] | |
| Level of rules in bibliographic description | 201302180954 |
| Level of effort used to assign nonsubject heading access points | wilmina |
| Level of effort used to assign subject headings | 201302180953 |
| Level of effort used to assign classification | wilmina |
| -- | 201212121428 |
| -- | malathy |
| 082 04 - DEWEY DECIMAL CLASSIFICATION NUMBER | |
| Classification number | 338.4791072 |
| Item number | ROU 2012 |
| 245 04 - TITLE STATEMENT | |
| Title | The Routledge handbook of tourism research / |
| Statement of responsibility, etc. | edited by Cathy H.C. Hsu and William C. Gartner. |
| 260 ## - PUBLICATION, DISTRIBUTION, ETC. | |
| Place of publication, distribution, etc. | London ; |
| -- | New York : |
| Name of publisher, distributor, etc. | Routledge, |
| Date of publication, distribution, etc. | c2012. |
| 300 ## - PHYSICAL DESCRIPTION | |
| Extent | xxxiv, 431 p. : |
| Other physical details | ill. ; |
| Dimensions | 26 cm. |
| 490 0# - SERIES STATEMENT | |
| Series statement | Routledge handbooks |
| 504 ## - BIBLIOGRAPHY, ETC. NOTE | |
| Bibliography, etc. note | Includes bibliographical references and index. |
| 650 #0 - SUBJECT ADDED ENTRY--TOPICAL TERM | |
| Topical term or geographic name entry element | Tourism |
| General subdivision | Research. |
| 9 (RLIN) | 11902 |
| 700 1# - ADDED ENTRY--PERSONAL NAME | |
| Personal name | Hsu, Cathy H. C. |
| 9 (RLIN) | 17260 |
| 700 1# - ADDED ENTRY--PERSONAL NAME | |
| Personal name | Gartner, William C. |
| 9 (RLIN) | 11757 |
| 920 ## - Programme | |
| Programme | UWE : 193348 |
| Withdrawn status | Lost status | Source of classification or shelving scheme | Damaged status | Not for loan | Home library | Current library | Date acquired | Total Checkouts | Barcode | Date last seen | Date last checked out | Copy number | Koha item type | Public note |
|---|---|---|---|---|---|---|---|---|---|---|---|---|---|---|
| Lost | Dewey Decimal Classification | Taylor's Library-TU | Taylor's Library-TU | 27/12/2012 | 2 | 5000141902 | 05/12/2019 | 27/11/2015 | 1 | Main Collection | TBSxx,18002,03,CL |